State of health care in Maharashtra: a comparative analysis (Record no. 24909)

000 -LEADER
fixed length control field 00465pab a2200145 454500
008 - FIXED-LENGTH DATA ELEMENTS--GENERAL INFORMATION
fixed length control field 180718b xxu||||| |||| 00| 0 eng d
100 ## - MAIN ENTRY--PERSONAL NAME
Personal name George Alex
245 ## - TITLE STATEMENT
Title State of health care in Maharashtra: a comparative analysis
362 ## - DATES OF PUBLICATION AND/OR SEQUENTIAL DESIGNATION
Dates of publication and/or sequential designation 28(32-33) 7 Jul 93, p.1671-683
650 ## - SUBJECT ADDED ENTRY--TOPICAL TERM
Topical term or geographic name entry element Health Services -- India -- Health Services
650 ## - SUBJECT ADDED ENTRY--TOPICAL TERM
Topical term or geographic name entry element Health Care -- India -- Maharashtra
700 ## - ADDED ENTRY--PERSONAL NAME
Personal name Nandraj Sunil
773 ## - HOST ITEM ENTRY
Main entry heading Economic and Political Weekly
909 ## -
-- 24909
Holdings
Withdrawn status Lost status Damaged status Not for loan Permanent Location Current Location Date acquired Barcode Date last seen Price effective from Koha item type
        Indian Institute of Public Administration Indian Institute of Public Administration 2018-07-19 AR24981 2018-07-19 2018-07-19 Articles

Powered by Koha